000 00461nam a2200181Ia 4500
008 090124s9999 xx 000 0 und d
082 _b18968
_a6260
100 _aगांगल वसंत
245 _a वैशाली
250 _a1
260 _c1973
300 _a160
600 _aगांगल वसंत
630 _a वैशाली
700 _aगांगल वसंत
730 _a वैशाली
942 _cBOOK
999 _c132909
_d132909